00593 2200193 4500001002100000005001500021035002000036245005700056100002500113250002000138300003100158856001800189260006500207082001600272084002200288020002200310650003900332650002800371INLIS00000000000009820250710122850 a0010-07250000981 aEla, si kecil yang baik hati /cZuddi Ichwan Priyana0 aZuddi Ichwan Priyana aCetakan Pertama a24 hlm. :bIlus. ;c29 cm. aTBM AS SUHADA aRawamangun :bBadan Pengembangan dan Pembinaan Bahasa,c2022 a398.209.598 a398.209.598 ICH e a978-623-118-831-1 4aCerita Anak Indonesia - Terjemahan 4aLiterasi - Bahan bacaan